| 000 | 00520nam a2200181Ia 4500 | ||
|---|---|---|---|
| 003 | SGT | ||
| 020 | _a9788183713115 | ||
| 082 |
_a621.3 _bPRA |
||
| 100 | _aPrasad,Giri | ||
| 245 | _aElectromagnetic waves and transmission line | ||
| 260 |
_bScitech Publications (India) Pvt. Ltd. _aNew Delhi _c2010 |
||
| 300 | _aV.P.p. | ||
| 650 | _aELECTRICAL ENGINEERING | ||
| 653 | _aMAGNETO STATICS, MAXWELL,S EQUATIONS ,EM WAVE CHARACTERISTICS1 | ||
| 700 | _aPrasad,Jayachandra | ||
| 700 | _aReddy,Jagadeeswer | ||
| 942 |
_2ddc _cBK |
||
| 999 |
_c5752 _d5752 |
||